000 01055nac a22003257a 4500
001 BR9606637
003 BR-BrBNA
005 20240105121742.0
008 230509b bl.|||m| |||| 00| 0 por d
040 _aBR-BrBNA
_bpor
_cBiblioteca Nacional de Agricultura
072 _aL73; L70
090 _aL73 BR9606637
100 1 _aSilva, E.R. da
100 1 _aSaukas, T.N.
100 1 _aAlves, F.S.F.
100 1 _aPinheiro, R.R.
110 1 _aCentro Nacional de Pesquisa de Caprinos, Sobral, CE (Brasil)
_91759
245 1 _aContagem de celulas somaticas e california mastitis test no diagnostico da mastite caprina subclinica
260 3 _aSobral, CE (Brasil):
_c1996.
300 _a26 p.
490 _aDocumentos - Centro Nacional de Pesquisa de Caprinos (Brazil)
_vno. 30
_xISSN 0102-7271
500 _a46 ref.; Summaries (En, Pt)
650 _aCaprino
650 _aMamite
650 _aCelula
650 _aAnalise de Laboratorio
650 _aDiagnostico
909 _a202312
_bLúcia Elande
_c55
_dLúcia Elande
942 _2AGRIS
_n0
_cMS
999 _c287227
_d287227